000 01305nam a22003617a 4500
001 000036719
003 CHAP
005 20220817042131.0
008 971013s1976 r 00010 d
010 _a35664
011 _a36636
035 _a40755
040 _cCHAP
082 _a382.6972
_bM46
110 _aMéxico. Secretaría de Industria y Comercio
_977185
245 0 _aManual de procedimentos :
_b: fomento económico de las zonas fronterizas.
260 _aMéxico, D.F. :
_bLa Secretaría,
_c1976.
300 _a127 p.
590 _aBATCH-UPD
_b10
_c20130110
_lUCH01
_h1921
590 _aBATCH-UPD
_b10
_c20130410
_lUCH01
_h1247
590 _aBATCH-UPD
_b10
_c20130914
_lUCH01
_h1336
590 _aCONVERSION
_b10
_c20130109
_lUCH01
_h1320
590 _aE11695DGD
_b10
_c20160330
_lUCH01
_h1412
650 0 4 _aMéxico
_xComercio
_zE.U.A.
650 1 4 _aExportación e importación
_zMéxico.
_939119
901 _aBK
942 _cLIBRO
942 _n0
949 _a382.6972 M46
_bBC
_cLIBRO
_d33724000432696
_eLIBRO
_fc.4
_h47200
_i40755
_mD
_si
949 _a382.6972 M46
_bBC
_cLIBRO
_d33724000432704
_eLIBRO
_fc.3
_h47199
_i40755
_mD
_si
949 _a382.6972 M46
_bBC
_cLIBRO
_d33724000432712
_eLIBRO
_fc.2
_h47198
_i40755
_mD
_si
949 _a382.6972 M46
_bBC
_cLIBRO
_d33724000432720
_eLIBRO
_h47197
_i40755
_mD
_si
999 _c35664
_d35664